[Event "Tula GM"]
[Site "Tula"]
[Date "2018.11.07"]
[Round "4"]
[White "Moiseenko, Vladimir"]
[Black "Sattarov, Bobir"]
[Result "0-1"]
[WhiteElo "2274"]
[BlackElo "2339"]
[PlyCount "64"]
[EventDate "2018.11.05"]
[EventType "tourn"]
[EventRounds "9"]
[EventCountry "RUS"]
[EventCategory "6"]
[SourceTitle "CBM 187 Extra"]
[Source "ChessBase"]
[SourceDate "2018.11.04"]
[SourceVersion "1"]
[SourceVersionDate "2018.11.04"]
[SourceQuality "1"]

1. e4 d6 2. d4 Nf6 3. Nc3 Nbd7 4. Nf3 e5 5. Bc4 Be7 6. 0-0 0-0 7. a4 a5 8. Re1 c6 9. Bb3 Re8 10. Ng5 Rf8 11. Nf3 h6 12. h3 Re8 13. Be3 Qc7 14. dxe5 dxe5 15. Nh2 Nc5 16. Bxc5 Bxc5 17. Nf1 Be6 18. Bxe6 Rxe6 19. Qf3 Nh7 20. Ne3 Ng5 21. Qe2 Rg6 22. Kh2 Ne6 23. g3 Rd8 24. Nf5 Qb6 25. Nd1 Nd4 26. Nxd4 Bxd4 27. c3 Bc5 28. Ne3 Bxe3 29. fxe3 Rgd6 30. Qf2 Rd2 31. Re2 Qxb2 32. Rae1 b5 0-1

[Event "Tula GM"]
[Site "Tula"]
[Date "2018.11.07"]
[Round "5"]
[White "Sadovsky, Artem"]
[Black "Moiseenko, Vladimir"]
[Result "1-0"]
[WhiteElo "2408"]
[BlackElo "2274"]
[PlyCount "63"]
[EventDate "2018.11.05"]
[EventType "tourn"]
[EventRounds "9"]
[EventCountry "RUS"]
[EventCategory "6"]
[SourceTitle "CBM 187 Extra"]
[Source "ChessBase"]
[SourceDate "2018.11.04"]
[SourceVersion "1"]
[SourceVersionDate "2018.11.04"]
[SourceQuality "1"]

1. c4 Nf6 2. g3 g6 3. Bg2 Bg7 4. d4 d6 5. Nc3 0-0 6. e4 Nbd7 7. Nge2 e5 8. 0-0 exd4 9. Nxd4 Re8 10. Re1 Nc5 11. h3 a5 12. f4 c6 13. Kh2 h5 14. b3 Nfd7 15. Bb2 a4 16. Rb1 axb3 17. axb3 Nf8 18. b4 Nce6 19. Nf3 h4 20. Qd2 hxg3+ 21. Kxg3 Bh6 22. Ne2 Ng7 23. Kh2 Rxe4 24. Ne5 Bf5 25. Bxe4 Bxe4 26. Ng4 Bxb1 27. Nxh6+ Kh7 28. Nxf7 Qh4 29. Ng5+ Kg8 30. Rxb1 Qf2+ 31. Kh1 Re8 32. Qd4 1-0

[Event "Tula GM"]
[Site "Tula"]
[Date "2018.11.06"]
[Round "2"]
[White "Moiseenko, Vladimir"]
[Black "Brikov, Illarion"]
[Result "0-1"]
[WhiteElo "2274"]
[BlackElo "2371"]
[PlyCount "46"]
[EventDate "2018.11.05"]
[EventType "tourn"]
[EventRounds "9"]
[EventCountry "RUS"]
[EventCategory "6"]
[SourceTitle "CBM 187 Extra"]
[Source "ChessBase"]
[SourceDate "2018.11.04"]
[SourceVersion "1"]
[SourceVersionDate "2018.11.04"]
[SourceQuality "1"]

1. e4 e5 2. Nf3 Nc6 3. Bb5 Nf6 4. Bxc6 dxc6 5. 0-0 Nxe4 6. d3 Nd6 7. Nxe5 Be7 8. Nc3 0-0 9. Re1 Re8 10. Bf4 Bf8 11. Qf3 Be6 12. Ne4 f6 13. Nxd6 cxd6 14. Ng4 Qa5 15. Rf1 Qb4 16. h3 Qxb2 17. Rab1 Qxc2 18. Rxb7 Bxg4 19. Qxg4 Qxd3 20. Rd1 Qe2 21. Qxe2 Rxe2 22. Bxd6 Rd8 23. Rb8 Ree8 0-1

[Event "Odoev-ch"]
[Site "Odoev"]
[Date "2018.05.29"]
[Round "2"]
[White "Moiseenko, Vladimir"]
[Black "Gusev, Aleksey"]
[Result "1/2-1/2"]
[WhiteElo "2255"]
[BlackElo "2367"]
[PlyCount "113"]
[EventDate "2018.05.28"]
[EventType "swiss"]
[EventRounds "9"]
[EventCountry "RUS"]
[SourceTitle "EXT 2019"]
[Source "ChessBase"]
[SourceDate "2018.10.10"]
[SourceVersion "1"]
[SourceVersionDate "2018.10.10"]
[SourceQuality "1"]

1. d4 Nf6 2. c4 g6 3. Nc3 Bg7 4. e4 d6 5. Be2 0-0 6. Bg5 h6 7. Be3 e5 8. d5 c6 9. h3 cxd5 10. cxd5 Na6 11. Nf3 Bd7 12. 0-0 Qb8 13. Nd2 Ne8 14. f3 Nf6 15. Rc1 Nc7 16. a4 a6 17. b4 b5 18. axb5 Nxb5 19. Nxb5 axb5 20. Nb3 Ra3 21. Ra1 Qa8 22. Qd2 Qa4 23. Rxa3 Qxa3 24. Rb1 Rc8 25. Bd1 Qa8 26. Ra1 Qb8 27. Ra6 Bf8 28. Na5 Rc7 29. Rb6 Qc8 30. Bxh6 Bxh6 31. Qxh6 Rc1 32. Qd2 Qc7 33. Rb7 Qc8 34. Ra7 Rb1 35. Kh2 Qc1 36. Qxc1 Rxc1 37. Bb3 Rc3 38. Ba2 Kf8 39. Ra6 Ne8 40. Nc6 Nf6 41. Nb8 Ke7 42. f4 exf4 43. e5 dxe5 44. Rxf6 Kxf6 45. Nxd7+ Kg7 46. Nxe5 Ra3 47. Bb1 Rb3 48. Bc2 Rxb4 49. Nc6 Rb2 50. Nd4 Kf8 51. d6 Ke8 52. Bd3 Kd7 53. Bxb5+ Kxd6 54. Be8 Rb4 55. Nf3 Rb7 56. h4 Ke7 57. Ba4 1/2-1/2

[Event "Tula Suetin Memorial"]
[Site "Tula"]
[Date "2018.01.07"]
[Round "6"]
[White "Sadovsky, Artem"]
[Black "Moiseenko, Vladimir"]
[Result "1-0"]
[WhiteElo "2407"]
[BlackElo "2294"]
[PlyCount "77"]
[EventDate "2018.01.03"]
[EventType "tourn"]
[EventRounds "9"]
[EventCountry "RUS"]
[SourceTitle "CBM 182 Extra"]
[Source "ChessBase"]
[SourceDate "2018.02.23"]
[SourceVersion "1"]
[SourceVersionDate "2018.02.23"]
[SourceQuality "1"]

1. c4 e6 2. g3 d5 3. Bg2 Nf6 4. Nf3 Be7 5. 0-0 0-0 6. b3 c5 7. Bb2 Nc6 8. cxd5 exd5 9. d4 Ne4 10. dxc5 Bf6 11. Qc1 Be6 12. Nc3 Qe7 13. Nxe4 Bxb2 14. Qxb2 dxe4 15. Nd4 Qf6 16. e3 Bd5 17. Rfd1 Ne5 18. Rd2 Rfd8 19. Nb5 Bc6 20. Nd6 b6 21. Rad1 Rf8 22. Kh1 bxc5 23. Nxe4 Qe7 24. Qc2 Qb7 25. Kg1 Rae8 26. Nxc5 Qa8 27. e4 f5 28. f4 Ng4 29. Re1 fxe4 30. Nxe4 Qb7 31. Rde2 Rc8 32. Qc5 Rfd8 33. Qa5 Qd7 34. Rd2 Qe7 35. Rxd8+ Rxd8 36. Nf2 Qd6 37. Nxg4 Bxg2 38. Kxg2 Qc6+ 39. Kg1 1-0

[Event "Reviakino"]
[Site "Reviakino"]
[Date "2017.12.27"]
[Round "11"]
[White "Postypalskiy, Mihail"]
[Black "Moiseenko, Vladimir"]
[Result "1/2-1/2"]
[WhiteElo "2381"]
[BlackElo "2257"]
[PlyCount "35"]
[EventDate "2017.12.22"]
[EventType "tourn"]
[EventRounds "13"]
[EventCountry "RUS"]
[SourceTitle "CBM 182 Extra"]
[Source "ChessBase"]
[SourceDate "2018.02.23"]
[SourceVersion "1"]
[SourceVersionDate "2018.02.23"]
[SourceQuality "1"]

1. d4 d5 2. c4 dxc4 3. Nf3 Nf6 4. e3 e6 5. Bxc4 c5 6. 0-0 a6 7. dxc5 Qxd1 8. Rxd1 Bxc5 9. Nbd2 0-0 10. Nb3 Be7 11. Bd2 Nc6 12. Na5 Nxa5 13. Bxa5 b5 14. Be2 Bb7 15. Rac1 Bd5 16. a3 Rac8 17. Nd2 g6 18. g3 1/2-1/2

[Event "Tula-ch Region"]
[Site "Tula"]
[Date "2017.08.23"]
[Round "2"]
[White "Averjanov, Alexey"]
[Black "Moiseenko, Vladimir"]
[Result "1-0"]
[WhiteElo "2400"]
[BlackElo "2249"]
[PlyCount "85"]
[EventDate "2017.08.22"]
[EventType "tourn"]
[EventRounds "9"]
[EventCountry "RUS"]
[EventCategory "6"]
[SourceTitle "CBM 180 Extra"]
[Source "ChessBase"]
[SourceDate "2017.10.06"]
[SourceVersion "1"]
[SourceVersionDate "2017.10.06"]
[SourceQuality "1"]

1. d4 d5 2. c4 c6 3. cxd5 cxd5 4. Bf4 Nc6 5. e3 Nf6 6. Nc3 e6 7. Bd3 Bd6 8. Bxd6 Qxd6 9. Rc1 a6 10. f4 b5 11. Nf3 g6 12. 0-0 Bd7 13. Ne5 Na5 14. Qe2 0-0 15. g4 Rfc8 16. g5 Ne8 17. Nb1 Nc4 18. b3 Nxe5 19. dxe5 Qb6 20. Nd2 b4 21. Nf3 Rc3 22. Rxc3 bxc3 23. Rc1 Qc5 24. Nd4 Bb5 25. Bxb5 axb5 26. Qxb5 Qa3 27. Rc2 Ng7 28. Qc6 Nf5 29. Nxf5 gxf5 30. Qxc3 Qa7 31. Qd4 Qa5 32. Kf2 Kg7 33. h4 h6 34. Qd2 Qb5 35. Qe2 Qb6 36. Qh5 Rh8 37. gxh6+ Rxh6 38. Qg5+ Rg6 39. Qe7 Qa6 40. h5 Rg4 41. h6+ Kxh6 42. Qf6+ Rg6 43. Qh8# 1-0

[Event "Efremov Pechenov Memorial"]
[Site "Efremov"]
[Date "2017.04.27"]
[Round "10"]
[White "Moiseenko, Vladimir"]
[Black "Biriukov, Alexander"]
[Result "1-0"]
[WhiteElo "2243"]
[BlackElo "2218"]
[PlyCount "45"]
[EventDate "2017.04.22"]
[EventType "tourn"]
[EventRounds "13"]
[EventCountry "RUS"]
[EventCategory "2"]
[SourceTitle "CBM 178 Extra"]
[Source "ChessBase"]
[SourceDate "2017.06.22"]
[SourceVersion "1"]
[SourceVersionDate "2017.06.22"]
[SourceQuality "1"]

1. Nf3 Nf6 2. g3 g6 3. Bg2 Bg7 4. d3 d6 5. 0-0 0-0 6. Nc3 e5 7. e4 Nc6 8. h3 Be6 9. Kh2 Nh5 10. Ng5 Nf6 11. f4 h6 12. Nf3 Qe7 13. Be3 Rad8 14. Qd2 Kh7 15. Qf2 a6 16. f5 Bc8 17. g4 g5 18. Bxg5 Nxg4+ 19. hxg4 hxg5 20. Nd5 Qd7 21. Nxg5+ Kg8 22. Qh4 Rfe8 23. f6 1-0

[Event "Efremov Pechenov Memorial"]
[Site "Efremov"]
[Date "2017.04.23"]
[Round "2"]
[White "Aghasiyev, Kamal"]
[Black "Moiseenko, Vladimir"]
[Result "1/2-1/2"]
[WhiteElo "2411"]
[BlackElo "2243"]
[PlyCount "65"]
[EventDate "2017.04.22"]
[EventType "tourn"]
[EventRounds "13"]
[EventCountry "RUS"]
[EventCategory "2"]
[SourceTitle "CBM 178 Extra"]
[Source "ChessBase"]
[SourceDate "2017.06.22"]
[SourceVersion "1"]
[SourceVersionDate "2017.06.22"]
[SourceQuality "1"]

1. e4 c5 2. Nf3 a6 3. c4 Nc6 4. d4 cxd4 5. Nxd4 Nf6 6. Nc3 e5 7. Nf5 d6 8. Ne3 Be7 9. Be2 0-0 10. 0-0 Nd4 11. Ned5 Nxd5 12. Nxd5 Be6 13. Be3 Bxd5 14. cxd5 Nxe2+ 15. Qxe2 Rc8 16. Qg4 Rc2 17. Rfc1 Rxb2 18. Bh6 Bf6 19. Rc3 Qb6 20. Rf1 Rb1 21. Rxb1 Qxb1+ 22. Rc1 Qxa2 23. h4 Qa5 24. h5 Kh8 25. Rc8 Rd8 26. Bxg7+ Bxg7 27. Qd7 Rf8 28. Rxf8+ Bxf8 29. Qc8 Kg8 30. Qg4+ Kh8 31. Qc8 Kg8 32. Qg4+ Kh8 33. Qc8 1/2-1/2

[Event "Rilsk"]
[Site "Rilsk"]
[Date "2017.01.24"]
[Round "8"]
[White "Sadikhov, Ulvi Ramil Oglu"]
[Black "Moiseenko, Vladimir"]
[Result "1-0"]
[WhiteElo "2422"]
[BlackElo "2327"]
[PlyCount "109"]
[EventDate "2017.01.20"]
[EventType "tourn"]
[EventRounds "13"]
[EventCountry "RUS"]
[EventCategory "7"]
[SourceTitle "EXT 2018"]
[Source "ChessBase"]
[SourceDate "2017.10.13"]
[SourceVersion "1"]
[SourceVersionDate "2017.10.13"]
[SourceQuality "1"]

1. Nf3 Nf6 2. c4 e6 3. g3 b6 4. d4 Ba6 5. b3 Bb4+ 6. Bd2 Be7 7. Bg2 c6 8. Bc3 d5 9. Ne5 Nfd7 10. Nxd7 Nxd7 11. Nd2 0-0 12. 0-0 Rc8 13. e4 b5 14. Re1 dxc4 15. bxc4 bxc4 16. Qa4 Bb5 17. Qc2 Re8 18. a4 Ba6 19. Rab1 Bf8 20. Red1 Qg5 21. Ba1 c5 22. d5 exd5 23. exd5 Rb8 24. Rxb8 Rxb8 25. Nxc4 Rb4 26. Ne3 Qg6 27. Qa2 Bd6 28. Bc3 Rb8 29. Re1 Re8 30. Qd2 Qd3 31. Qxd3 Bxd3 32. Bf1 Bxf1 33. Kxf1 g6 34. Rb1 Rb8 35. Rxb8+ Bxb8 36. Ke2 Kf8 37. Nc4 Ke7 38. a5 f6 39. f4 Bd6 40. Kd3 Bb8 41. Nd2 Bd6 42. Kc4 a6 43. Ne4 h6 44. h3 h5 45. h4 f5 46. Ng5 Bc7 47. Nf3 Bd6 48. Ne5 Nf8 49. Nc6+ Kd7 50. Bg7 Nh7 51. Ne5+ Kc7 52. Nxg6 Kd7 53. Ne5+ Ke7 54. Nd3 Kf7 55. Be5 1-0